Recettes Minecraft par ingrédients - Statistiques

Statistiques générales
  • Ce quiz a été pris 109 fois
  • Le résultat moyen est 6 sur 24
Statistiques - réponses
Ingrédients Objet fabriqué % Correct
4 planches 1 établi
93%
2 batons + 2 diamants 1 houe en diamant
83%
4 obsidiennes + 2 diamants + 1 livre 1 table d'enchantement
60%
8 batons + 1 cuir 1 cadre
50%
6 verres 16 vitres
41%
4 lingots d'or + 1 redstone 1 montre
38%
5 verres + 1 étoile du nether + 3 obsidiennes 1 balise
34%
6 planches + 1 baton 3 pancartes
31%
3 torches de redstone + 3 roches + 1 quartz 1 comparateur
24%
1 ficelle + 1 rayon de miel 1 bougie
21%
3 lingots de cuivre 1 paratonnerre
21%
6 batons + 1 dalle de roche lisse 1 porte-armure
19%
7 verres + 1 oeil de l'Ender + 1 larme de ghast 1 cristal de l'End
18%
6 pierres + 2 redstones + 1 quartz 1 observateur
18%
1 pierre taillée + 1 lianes 1 pierre taillée moussue
16%
1 plume + 1 lingot de cuivre + 1 baton 1 pinceau
16%
6 obsidiennes pleureuses + 3 pierres lumineuses 1 ancre de réapparition
13%
4 planches + 2 silex 1 table d'archerie
13%
2 ficelles + 6 peaux de lapin 1 sac
8%
2 dalles de quartz 1 bloc de quartz sculpté
6%
6 planches + 2 chaines 6 pancartes suspendues
6%
2 dalles en pierre taillée 1 pierre sculptée
5%
4 poudres lumineuses + 1 flèche 2 flèches spectrales
5%
4 sables + 4 graviers + 1 teinture verte 8 bétons verts en poudre
3%
Aucun quiz correspondant
Distribution des résultats
% des personnes avec chaque résultat
Percentile par nombre de réponses
Votre historique - résultats
Vous n’avez pas pris ce quiz